000 01410pam a2200289 i 4500
999 _c998
_d998
001 019761061
003 UkOxU
005 20200312114055.0
008 131204s2014 enk 000 f eng|d
015 _aGBB410018
_2bnb
020 _a9780008138301
_qpaperback
035 _a(Uk)016611778
040 _aStDuBDS
_beng
_erda
_cStDuBDS
_dUk
_dUkOxU
042 _aukblcatcopy
082 0 4 _aFIC DOE
_223
100 1 _aDoerr, Anthony,
_d1973-
_eauthor.
245 1 0 _aAll the light we cannot see :
_ba novel /
_cAnthony Doerr.
264 1 _aLondon :
_bFourth Estate,
_c2014.
300 _a531 pages ;
_c24 cm
336 _atext
_2rdacontent
337 _aunmediated
_2rdamedia
338 _avolume
_2rdacarrier
520 _aFor Marie-Laure, blind since the age of six, the world is full of mazes. The miniature of a Paris neighbourhood, made by her father to teach her the way home. The microscopic layers within the invaluable diamond that her father guards in the Museum of Natural History. The walled city by the sea, where father and daughter take refuge when the Nazis invade Paris. And a future which draws her ever closer to Werner, a German orphan, destined to labour in the mines until a broken radio fills his life with possibility and brings him to the notice of the Hitler Youth.
651 0 _aFrance
_xHistory
_yGerman occupation, 1940-1945
_vFiction.
655 _aHistorical Fiction
942 _2ddc
_cFIC